| 000 | 00578cam a2200193 i 4500 | ||
|---|---|---|---|
| 999 |
_c58345 _d58345 |
||
| 001 | 18241435 | ||
| 005 | 20221111113916.0 | ||
| 008 | 140725s2015 mdu b 001 0 eng | ||
| 020 | _a9781442223509x | ||
| 041 | _aeng | ||
| 080 | _a327.1 C-68 | ||
| 100 | 1 |
_aCohen, Saul Bernard. _912938 |
|
| 245 | 1 | 0 |
_aGeopolitics : _bthe geography of international relations / _cSaul Bernard Cohen. |
| 250 | _aThird edition. | ||
| 264 | 1 |
_aLanham : _bRowman & Littlefield, _c[2015]. |
|
| 300 |
_axii, 491 pages ; _c26 cm. |
||
| 653 | _aგეოპოლიტიკა | ||
| 942 |
_2udc _cBK |
||